| 000 | 00702nam a22001577a 4500 | ||
|---|---|---|---|
| 003 | OSt | ||
| 005 | 20151205084007.0 | ||
| 008 | 151205b xxu||||| |||| 00| 0 eng d | ||
| 040 | _cRUA | ||
| 082 | _aFIS MEN 2003 B186 Or.1 | ||
| 100 |
_94330 _aMENG, SOPHAY. |
||
| 245 | _aParticipation in community-based fisheries resource managment in sereysophoan district banteaymeanchey province, ការចូលរួមគ្រប់គ្រងធនធានជលផលជាលក្ខណៈសហគមន៍នៅស្រុកសិរីសោភ័ណ្ឌ ខេត្តបន្ទាយមានជ័យ | ||
| 260 |
_aPhnom Penh _bRUA _c2003 |
||
| 300 |
_a47p. _bill. _c29cm. |
||
| 942 |
_2ddc _cFIS |
||
| 999 |
_c4043 _d4043 |
||